Dog Breeds by Body Quiz Stats

 Plays Quiz not verified by Sporcle

Support Sporcle.
Go Orange.
Score 0/16 Timer 05:00
0 Plays Today
No. Dog Breed % Correct
4Golden Retriever
96.6%
2Shar Pei
70.7%
7Bernese Mountain Dog
70.7%
13Basset Hound
70.7%
6Irish Setter
69%
8Pomeranian
69%
3Chinese Crested
63.8%
5Old English Sheepdog
62.1%
No. Dog Breed % Correct
11Bull Terrier
60.3%
16Scottish Terrier
58.6%
12Alaskan Malamute
56.9%
1Afghan Hound
55.2%
14Schnauzer
55.2%
15English Springer Spaniel
55.2%
10Hungarian Puli
46.6%
9Border Terrier
25.9%

You're not logged in!

Compare scores with friends on all Sporcle quizzes.
OR
Log In

From the Vault

'I'-Less European Countries

by Duggyfresh

These countries may have a little bit of trouble seeing each other.
Remove Ads.
Support Sporcle.
Get the best of Sporcle when you Go Orange. This ad-free experience offers more features, more stats, and more fun while also helping to support Sporcle. Thank you for becoming a member.

Show Comments

Extras

Created Mar 27, 2012ReportNominate
Tags:Animal Quiz, dog

Top Quizzes Today


Score Distribution

Your Account Isn't Verified!

In order to create a playlist on Sporcle, you need to verify the email address you used during registration. Go to your Sporcle Settings to finish the process.

Report this User

Report this user for behavior that violates our Community Guidelines.

Details: